000 02366cam a22002414a 4500
005 20250605164222.0
008 250528s ||||||||||||||||||||||||d
035 _a20729
020 _a30234514
040 _aGR-AtMCL
_bgre
_dGR-AtMCL
_eAACR2
245 1 _aIntermediate Financial Management / Sixth Edition
250 _a6th
260 _bThe Dryden Press,
_c1999
300 _a1124
505 0 _aPreface, Fundamental Concepts, An Overview of Financial Management, Basic Financial Tools: A Review, Analysis of Financial Statements, Extensions, Valuing the Firm: The Cash Flow Model, Strategic Investment Decisions,Determing the Cost of Capital, Capital Budgeting Decision Criteria, Cash Flow Estimation, Risk Analysis and Real Options, Extensions, Strategic Financing Decisions, Long-Term Financial Planning, Capital Structure Decisions, Extensions, Dividend Policy, Tactical Financing Decisions, Investment Banking and Financial Restructuring, Lease Financing, Extensions, Hybrid Financing, Working Capital Management, Current Asset Management, Short-Term Financing, Extensions, Special Topics, Derivatives and Risk Management, Bankruptcy and Reorganization and Liquidation, Extensions, Basic Tools: A Review, Risk and Return, Bond and Stock Valuation, Extensions, Appendixes, Index.
520 _aPreface, Fundamental Concepts, An Overview of Financial Management, Basic Financial Tools: A Review, Analysis of Financial Statements, Extensions, Valuing the Firm: The Cash Flow Model, Strategic Investment Decisions,Determing the Cost of Capital, Capital Budgeting Decision Criteria, Cash Flow Estimation, Risk Analysis and Real Options, Extensions, Strategic Financing Decisions, Long-Term Financial Planning, Capital Structure Decisions, Extensions, Dividend Policy, Tactical Financing Decisions, Investment Banking and Financial Restructuring, Lease Financing, Extensions, Hybrid Financing, Working Capital Management, Current Asset Management, Short-Term Financing, Extensions, Special Topics, Derivatives and Risk Management, Bankruptcy and Reorganization and Liquidation, Extensions, Basic Tools: A Review, Risk and Return, Bond and Stock Valuation, Extensions, Appendixes, Index.
700 1 _aBrigham Eugene F
_91101
700 1 _aDaves Phillip R
_96693
700 1 _aGapenski Louis C
_91102
942 _cBK
999 _c5814
_d5814